Statistiques concernant Tous les pays en A

Cliquez ici pour prendre le quiz!

Statistiques générales

  • Ce quiz a été pris 617 fois
  • Le résultat moyen est 9 sur 13

Statistiques - réponses

HintRéponse% Correct
Albanie
78%
Allemagne
78%
Armenie
78%
Australie
73%
Algérie
69%
Angola
68%
Autriche
67%
Afghanistan
64%
Andorre
64%
Argentine
63%
Azerbaïdjan
61%
Afrique du Sud
52%
Arabie Saoudite
45%

Distribution des résultats

Percentile par nombre de réponses

% des personnes avec chaque résultat

Votre développement - résultats

Vous n’avez pas pris ce quiz